[Event "Speed Chess Championship 2020"]
[Site "Online"]
[Date "2020.12.03"]
[Round "2.22"]
[White "Artemiev, Vladislav"]
[Black "Carlsen, Magnus"]
[Result "0-1"]
[WhiteElo "2708"]
[BlackElo "2862"]
[Annotator "TA"]
[PlyCount "48"]
[EventDate "2020.10.31"]
[EventType "k.o."]
[EventCountry "NET"]
[SourceTitle "playchess.com"]
[Source "ChessBase"]
[SourceQuality "1"]

{[%evp 9,48,31,33,24,19,6,37,29,34,31,20,-12,-7,-23,-13,-47,-45,-40,-20,-33,-24,-203,-195,-208,-170,-199,-196,-192,-184,-195,-70,-83,-76,-95,-40,-150,-144,-135,-137,-285,-291]} 1. Nf3 g6 2. e4 Bg7 3. d4 d6 4. Nc3 a6 5. h3 b5 {[%cal Bb7b5,Bb5b4][%mdl 32]} 6. a4 {B06: Modern Defence.} b4 7. Ne2 Nd7 {[#]} 8. Ng3 $146 {White is slightly better.} ({Predecessor:} 8. Be3 Bb7 9. Ng3 Ngf6 10. Bd3 c5 11. c3 O-O 12. O-O bxc3 13. bxc3 Qc7 14. Qd2 {0-1 (46) Bengtsson,J (1967)-Hillarp Persson,T (2544) Malmo 2014}) 8... e5 9. Bc4 exd4 10. Nxd4 Bb7 11. O-O Ngf6 12. Re1 O-O 13. Bg5 h6 14. Bf4 Re8 {[%cal Rf6e4]} 15. Ndf5 $2 {[#]} (15. Qd2 $11) 15... gxf5 $19 16. Nxf5 Bxe4 17. Nxh6+ Bxh6 18. Bxh6 Ne5 19. Ba2 Bg6 (19... d5 $19 {And now ...c6 would win.} 20. Bg5 Qd6 21. Bxf6 Qxf6 22. Bxd5 Bxd5 23. Qxd5 Ng6) 20. f4 Ned7 {Hoping for ...Qb8.} 21. Qf3 Kh8 ({Better is} 21... Kh7 $17 22. Bg5 Qb8 23. Rxe8 Qxe8) 22. Rxe8+ (22. Bg5 $15) 22... Qxe8 $17 ({Resist} 22... Nxe8 23. Re1 $17) 23. f5 Bh7 ({Not} 23... Ne5 24. Qe3 $14) 24. Bxf7 (24. Rf1 $17) 24... Ne5 {[%mdl 64] Double Attack.  Weighted Error Value: White=0.47/Black=0.15} ({And not} 24... Qxf7 25. Qxa8+ {[%mdl 64] Double Attack} Qg8 26. Qxa6 $16) 0-1

[Event "Speed Chess Championship 2020"]
[Site "Online"]
[Date "2020.12.04"]
[Round "2.22"]
[White "Fedoseev, Vladimir"]
[Black "Nakamura, Hikaru"]
[Result "0-1"]
[WhiteElo "2676"]
[BlackElo "2736"]
[Annotator "ChessBase"]
[PlyCount "74"]
[EventDate "2020.10.31"]
[EventType "k.o."]
[EventCountry "NET"]
[SourceTitle "playchess.com"]
[Source "ChessBase"]
[SourceQuality "1"]
[TimeControl "60+1"]

1. Nf3 {[%emt 0:00:01]} g6 {[%emt 0:00:01]} 2. g3 {[%emt 0:00:00]} Bg7 {[%emt 0:00:00]} 3. d4 {[%emt 0:00:00]} d6 {[%emt 0:00:00]} 4. Bg2 {[%emt 0:00:00]} Nc6 {[%emt 0:00:00]} 5. O-O {[%emt 0:00:01]} Bd7 {[%emt 0:00:00]} 6. c4 {[%emt 0:00:00]} Qc8 {[%emt 0:00:01]} 7. Nc3 {[%emt 0:00:01]} Bh3 {[%emt 0:00:00]} 8. e3 {[%emt 0:00:01]} h5 {[%emt 0:00:01]} 9. Bxh3 {[%emt 0:00:01]} Qxh3 {[%emt 0:00:00]} 10. Ng5 {[%emt 0:00:01]} Qd7 {[%emt 0:00:01]} 11. Qf3 {[%emt 0:00:02]} e5 {[%emt 0:00:02]} 12. d5 {[%emt 0:00:01]} Nd8 {[%emt 0:00:01]} 13. h4 {[%emt 0:00:02]} f6 {[%emt 0:00:00]} 14. Nge4 {[%emt 0:00:01]} Nf7 {[%emt 0:00:00]} 15. c5 {[%emt 0:00:06]} f5 {[%emt 0:00:01]} 16. c6 {[%emt 0:00:00]} bxc6 {[%emt 0:00:01]} 17. dxc6 {[%emt 0:00:01]} Qe6 {[%emt 0:00:01]} 18. Ng5 {[%emt 0:00:03]} Nxg5 {[%emt 0:00:01]} 19. hxg5 {[%emt 0:00:00]} e4 {[%emt 0:00:00]} 20. Qd1 {[%emt 0:00:00]} Ne7 {[%emt 0:00:00]} 21. Ne2 {[%emt 0:00:01]} Be5 {[%emt 0:00:04]} 22. Qa4 {[%emt 0:00:03]} h4 {[%emt 0:00:02]} 23. Bd2 {[%emt 0:00:01]} hxg3 {[%emt 0:00:02]} 24. fxg3 {[%emt 0:00:00]} f4 {[%emt 0:00:00]} 25. Nxf4 {[%emt 0:00:03]} Bxf4 {[%emt 0:00:06]} 26. Rxf4 {[%emt 0:00:01]} Qh3 {[%emt 0:00:00]} 27. Qxe4 {[%emt 0:00:21]} Qh2+ {[%emt 0:00:06]} 28. Kf1 {[%emt 0:00:00]} Qh1+ {[%emt 0:00:11]} 29. Ke2 {[%emt 0:00:02]} Qxa1 {[%emt 0:00:03]} 30. Qe6 {[%emt 0:00:06]} Rh2+ {[%emt 0:00:02]} 31. Kd3 {[%emt 0:00:03]} Rxd2+ {[%emt 0:00:02]} 32. Kxd2 {[%emt 0:00:02]} Qxb2+ {[%emt 0:00:00]} 33. Kd3 {[%emt 0:00:01]} Qb5+ {[%emt 0:00:02]} 34. Kd2 {[%emt 0:00:01]} Qd5+ {[%emt 0:00:02]} 35. Qxd5 {[%emt 0:00:03]} Nxd5 {[%emt 0:00:00]} 36. Rh4 {[%emt 0:00:00]} Kf7 {[%emt 0:00:02]} 37. Rh7+ {[%emt 0:00:03]} Ke6 {[%emt 0:00:00]} 0-1

[Event "Speed Chess Championship 2020"]
[Site "Online"]
[Date "2020.12.04"]
[Round "2.23"]
[White "Carlsen, Magnus"]
[Black "Artemiev, Vladislav"]
[Result "1/2-1/2"]
[WhiteElo "2862"]
[BlackElo "2708"]
[Annotator "TA"]
[PlyCount "118"]
[EventDate "2020.10.31"]
[EventType "k.o."]
[EventCountry "NET"]
[SourceTitle "playchess.com"]
[Source "ChessBase"]
[SourceQuality "1"]

{[%evp 9,118,25,22,11,17,14,14,15,25,0,16,0,0,0,8,-7,0,0,0,-46,-38,-59,-40,-54,-44,-58,-22,-27,-20,-16,0,-78,-54,-60,-71,-125,-68,-152,-162,-316,-313,-312,-321,-321,-321,-321,-321,-321,-321,-360,-288,-368,-203,-403,-387,-463,-299,-284,-287,-298,-292,-286,-214,-202,0,0,0,-137,-92,-105,-105,-105,-105,-105,-105,-105,-104,-104,-107,-108,-116,-121,-104,-104,-104,-104,-8,-8,-8,-15,0,-15,-15,-16,-8,-8,-8,-8,0,-8,-8,-8,-8,-8,-8,-8,0,-8,0,-8,0]} 1. e4 c5 2. Nf3 d6 3. d4 cxd4 4. Qxd4 a6 5. Be2 Nc6 6. Qe3 {B53: Sicilian: 2...d6: Lines with Qxd4.} g6 7. O-O Bg7 8. Rd1 Nf6 9. h3 O-O 10. Nc3 Nd7 11. Nd5 {[#]} e6 $146 ({Predecessor:} 11... b5 12. c3 Rb8 13. a4 bxa4 14. Rxa4 a5 15. Nd4 {½-½ (15) Chigaev,M (2613)-Tabatabaei,M (2590) Moscow 2019}) 12. Nf4 Qc7 13. c3 b5 14. Nd3 Bb7 15. a4 Na5 16. axb5 axb5 17. Qf4 Nb3 18. Rxa8 Rxa8 19. Be3 Nf6 20. Nb4 (20. e5 $11 dxe5 21. Qxe5) 20... Nxe4 $17 21. Bxb5 Nbc5 22. Qh4 (22. Nd2 $142) 22... Bf6 (22... h5 $17 23. Bf1 Na4) 23. Ng5 (23. Bg5 $15 Bg7 24. Be2) 23... h5 24. f3 $2 (24. Bf1) 24... Nxg5 $19 25. Bxg5 Bxg5 26. Qxg5 Qb6 27. Kh2 Qxb5 28. Rxd6 {If only White now had time for Nd3!...} Qa5 29. Qe7 Rf8 30. Nc2 Qb5 (30... Na4 $142 31. Rd4 Bxf3 $1 {[%mdl 512]} 32. gxf3 Qe5+ 33. Kh1 Qe2) 31. b4 $2 (31. Rd8 Rxd8 32. Qxd8+ Kg7 33. Qd4+ Kh7 34. c4) 31... Na4 32. Qf6 Qf5 33. Qxf5 gxf5 ({But not} 33... exf5 34. c4 $19) 34. c4 Rc8 35. c5 f4 36. Nd4 Nxc5 $2 (36... Nc3 $19 {White must now prevent ...Bd5.} 37. c6 Ba8) 37. bxc5 $11 Rxc5 $19 {[%mdl 4096] Endgame KRB-KRN} 38. h4 (38. Rd8+ $11 {remains equal.} Kg7 39. Nxe6+ $1 {[%mdl 512]} fxe6 40. Rd7+ {[%mdl 64] Double Attack} Kg6 41. Rxb7) 38... Rd5 39. Rxd5 Bxd5 $17 {KB-KN} 40. Ne2 e5 41. Nc3 Bc6 42. g3 Bxf3 {And now ...fxg3+ would win.} 43. gxf4 exf4 {Strongly threatening ...Kg7.} 44. Kg1 Kg7 {...Kg6 is the strong threat.} 45. Kf2 Bb7 {Threatens to win with ...Kf6.} 46. Ne2 {[#]} f3 $1 {[%cal Rf3e2]} 47. Nf4 {[#]} Kh6 (47... Kf6 $1 $17) 48. Ke3 {The position is equal.} Ba8 49. Kf2 Bb7 50. Ke3 Bc6 51. Kf2 f5 52. Ke3 Be4 53. Kf2 Bc6 54. Ke3 Bb7 55. Kf2 Be4 56. Ke3 Bc6 57. Kf2 Be4 58. Ke3 Bc6 59. Kf2 Be4 {White happily takes the draw.  Weighted Error Value: White=0.27/Black=0.23} 1/2-1/2

[Event "Speed Chess Championship 2020"]
[Site "Online"]
[Date "2020.11.19"]
[Round "2.23"]
[White "So, Wesley"]
[Black "Duda, Jan-Krzysztof"]
[Result "0-1"]
[WhiteElo "2816"]
[BlackElo "2743"]
[Annotator "ChessBase"]
[PlyCount "102"]
[EventDate "2020.10.31"]
[EventType "k.o."]
[EventCountry "NET"]
[SourceTitle "playchess.com"]
[Source "ChessBase"]
[SourceQuality "1"]
[TimeControl "60+1"]

1. d4 {[%emt 0:00:01]} Nf6 {[%emt 0:00:01]} 2. c4 {[%emt 0:00:02]} g6 {[%emt 0:00:00]} 3. g3 {[%emt 0:00:03]} e6 {[%emt 0:00:03]} 4. Bg2 {[%emt 0:00:02]} d5 {[%emt 0:00:01]} 5. Nf3 {[%emt 0:00:01]} Bg7 {[%emt 0:00:01]} 6. O-O {[%emt 0:00:00]} O-O {[%emt 0:00:00]} 7. b3 {[%emt 0:00:03]} b6 {[%emt 0:00:01]} 8. Bb2 {[%emt 0:00:01]} Bb7 {[%emt 0:00:01]} 9. Nc3 {[%emt 0:00:01]} Nbd7 {[%emt 0:00:00]} 10. Rc1 {[%emt 0:00:02]} Rc8 {[%emt 0:00:01]} 11. cxd5 {[%emt 0:00:02]} Nxd5 {[%emt 0:00:00]} 12. Nxd5 {[%emt 0:00:03]} Bxd5 {[%emt 0:00:00]} 13. Qd2 {[%emt 0:00:01]} c5 {[%emt 0:00:02]} 14. dxc5 {[%emt 0:00:02]} Nxc5 {[%emt 0:00:00]} 15. Bxg7 {[%emt 0:00:04]} Kxg7 {[%emt 0:00:00]} 16. Qb2+ {[%emt 0:00:04]} Qf6 {[%emt 0:00:01]} 17. Qxf6+ {[%emt 0:00:00]} Kxf6 {[%emt 0:00:00]} 18. Nd2 {[%emt 0:00:03]} Rfd8 {[%emt 0:00:10]} 19. Bxd5 {[%emt 0:00:04]} exd5 {[%emt 0:00:03]} 20. Rfd1 {[%emt 0:00:04]} Ne4 {[%emt 0:00:04]} 21. Nxe4+ {[%emt 0:00:01]} dxe4 {[%emt 0:00:00]} 22. Rxc8 {[%emt 0:00:02]} Rxd1+ {[%emt 0:00:02]} 23. Kg2 {[%emt 0:00:01]} Rd2 {[%emt 0:00:00]} 24. e3 {[%emt 0:00:05]} Rxa2 {[%emt 0:00:01]} 25. Rc4 {[%emt 0:00:02]} Ke5 {[%emt 0:00:02]} 26. Rc7 {[%emt 0:00:01]} Ke6 {[%emt 0:00:00]} 27. Rc4 {[%emt 0:00:01]} f5 {[%emt 0:00:02]} 28. Rc7 {[%emt 0:00:01]} h5 {[%emt 0:00:03]} 29. Rc6+ {[%emt 0:00:01]} Kf7 {[%emt 0:00:01]} 30. h4 {[%emt 0:00:01]} b5 {[%emt 0:00:01]} 31. b4 {[%emt 0:00:02]} Ra4 {[%emt 0:00:02]} 32. Kf1 {[%emt 0:00:02]} Rxb4 {[%emt 0:00:02]} 33. Rc7+ {[%emt 0:00:01]} Ke6 {[%emt 0:00:03]} 34. Rxa7 {[%emt 0:00:00]} Ra4 {[%emt 0:00:08]} 35. Rb7 {[%emt 0:00:01]} b4 {[%emt 0:00:02]} 36. Rb6+ {[%emt 0:00:02]} Kd5 {[%emt 0:00:00]} 37. Rxg6 {[%emt 0:00:00]} b3 {[%emt 0:00:01]} 38. Rb6 {[%emt 0:00:03]} Kc4 {[%emt 0:00:01]} 39. Rc6+ {[%emt 0:00:14]} Kd3 {[%emt 0:00:03]} 40. Rb6 {[%emt 0:00:01]} Kc3 {[%emt 0:00:00]} 41. f3 {[%emt 0:00:06]} b2 {[%emt 0:00:01]} 42. fxe4 {[%emt 0:00:01]} Rxe4 {[%emt 0:00:01]} 43. Rxb2 {[%emt 0:00:09]} Kxb2 {[%emt 0:00:02]} 44. Ke2 {[%emt 0:00:00]} Kc3 {[%emt 0:00:00]} 45. Kf2 {[%emt 0:00:01]} Kd3 {[%emt 0:00:01]} 46. Kf3 {[%emt 0:00:00]} Kd2 {[%emt 0:00:01]} 47. Kf2 {[%emt 0:00:01]} Rxe3 {[%emt 0:00:01]} 48. Kg2 {[%emt 0:00:00]} Ke2 {[%emt 0:00:01]} 49. Kh2 {[%emt 0:00:01]} Kf2 {[%emt 0:00:00]} 50. Kh3 {[%emt 0:00:02]} Rxg3+ {[%emt 0:00:01]} 51. Kh2 {[%emt 0:00:00]} f4 {[%emt 0:00:01]} 0-1

[Event "Speed Chess Championship 2020"]
[Site "Online"]
[Date "2020.12.03"]
[Round "2.23"]
[White "Vachier-Lagrave, Maxime"]
[Black "Aronian, Levon"]
[Result "1/2-1/2"]
[WhiteElo "2784"]
[BlackElo "2781"]
[Annotator "TA"]
[PlyCount "88"]
[EventDate "2020.10.31"]
[EventType "k.o."]
[EventCountry "NET"]
[SourceTitle "playchess.com"]
[Source "ChessBase"]
[SourceQuality "1"]

{[%evp 15,88,18,15,15,20,19,20,20,20,19,20,20,15,21,15,16,23,20,18,10,14,0,0,0,14,13,9,0,0,-6,-9,-10,7,0,0,0,0,0,2,0,7,0,0,0,6,0,1,4,17,0,25,0,0,0,0,0,11,9,20,19,68,70,61,88,313,0,0,0,0,0,0,0,0,0,0]} 1. e4 e5 2. Nf3 Nc6 3. Bb5 Nf6 4. O-O Nxe4 5. Re1 Nd6 6. Nxe5 Be7 7. Bf1 Nxe5 8. Rxe5 O-O 9. Nc3 {C67: Ruy Lopez: Berlin Defence: 4 0-0 Nxe4.} Ne8 10. Nd5 Bd6 11. Re1 c6 12. Ne3 Bc7 13. Nf5 d5 14. Ne7+ Kh8 {[#] aiming for ...Be6.} 15. Nxc8 Rxc8 16. d3 f5 17. Qf3 Nf6 (17... g6 {is interesting.} 18. c4 Nf6 19. g3 Qd7 20. Bg2 Rfe8) 18. Bf4 Bxf4 19. Qxf4 {[#]} g6 $146 ({Predecessor:} 19... Qc7 20. Qxc7 Rxc7 21. Re5 {½-½ (21) Harikrishna,P (2724)-Karjakin,S (2754) Jerusalem 2019}) 20. a4 Qc7 21. Qh4 Kg7 22. Re6 Rce8 23. Rae1 Qf7 (23... Rxe6 {is more complex.} 24. Rxe6 c5 25. Re2 b6 26. d4 Re8) 24. Rxe8 Rxe8 25. Rxe8 Qxe8 26. Qb4 Qd7 27. a5 a6 28. Be2 Kf7 29. Kf1 Qe7 30. Qb6 Ne8 31. g3 Nd6 32. Bf3 Ke6 33. c4 dxc4 34. dxc4 Kf6 35. b3 Ne4 {[#] White must now prevent ...Nd2+.} 36. Qd4+ Qe5 37. Qd8+ Kf7 38. Qd7+ $1 Kf6 $1 39. Kg2 $1 ({Avoid the trap} 39. Qxh7 $2 Nd2+ 40. Kg2 Nxf3 $19) 39... Ng5 $2 (39... Nd6 $16) 40. Qd8+ $2 (40. Qxb7 $18 Nxf3 41. Qxc6+ {[%mdl 64] Double Attack} Kg7 42. Qxf3 (42. Kxf3 Qxa5 43. Qb7+ Kh6 $18)) 40... Qe7 $11 {The position is equal.} 41. Qh8+ Qg7 42. Qd8+ Qe7 43. Qh8+ Qg7 44. Qd8+ Qe7 {Weighted Error Value: White=0.15/Black=0.17} 1/2-1/2

[Event "Speed Chess Championship 2020"]
[Site "Online"]
[Date "2020.12.05"]
[Round "2.23"]
[White "Nakamura, Hikaru"]
[Black "Fedoseev, Vladimir"]
[Result "1-0"]
[WhiteElo "2736"]
[BlackElo "2676"]
[Annotator "TA"]
[PlyCount "61"]
[EventDate "2020.10.31"]
[EventType "k.o."]
[EventCountry "NET"]
[SourceTitle "playchess.com"]
[Source "ChessBase"]
[SourceQuality "1"]

{[%evp 9,61,0,35,29,35,21,50,0,13,0,0,0,0,0,0,0,0,0,36,38,70,70,111,113,135,124,207,206,188,160,245,202,243,209,307,167,341,334,312,328,325,308,347,54,49,60,252,245,238,208,29979,29980,29978,29979]} 1. e4 c6 2. Nc3 d5 3. Nf3 d4 4. Ne2 c5 5. Ng3 Nc6 6. Bb5 {B11: Caro-Kann: Two Knights Variation.} Bd7 7. O-O {[#]} h5 $146 ({Predecessor:} 7... a6 8. Bxc6 Bxc6 9. Ne5 Qc7 10. Nxc6 Qxc6 11. d3 e6 12. c3 dxc3 13. bxc3 Nf6 {1-0 (25) Gasanov,E (2469)-Abhilash,R (2230) Gurgaon 2014}) 8. Bxc6 {White is slightly better.} Bxc6 9. Ne5 Qd6 10. Nxc6 Qxc6 11. d3 h4 12. Ne2 h3 13. g3 f5 14. f3 fxe4 15. fxe4 Nf6 {[#]} 16. Nf4 $1 {[%cal Be2f4,Bf4h3,Bh3g5][%mdl 32]} O-O-O 17. Qf3 Nd7 (17... Rh6 $16 18. Bd2 Qd7) 18. Qg4 $18 {And now Ng6 would win.} Rh6 19. Nxh3 Rf6 (19... Qe6 $16 {keeps fighting.} 20. Qxe6 Rxe6) 20. Bf4 e6 21. Ng5 Be7 (21... Rg6 $142 22. e5 Be7) 22. h4 (22. Nh7 $142) 22... b5 $2 {[#]} (22... Rh8 {was worth a try.} 23. Nf3 Rf7) 23. a4 $1 {[%mdl 512] axb5 is the strong threat.} bxa4 24. b3 axb3 25. cxb3 Kb7 26. Rfc1 $2 (26. Nh7 $18) 26... e5 $14 27. Bd2 Qb5 $2 {Loses the game.} (27... Rb8 $14) 28. Ne6 $18 Rc8 29. Nxg7 Qxd3 $2 (29... Ka8 $18) 30. Qxd7+ {[%mdl 64] Double Attack} Rc7 {[#]} 31. Rxa7+ $1 {[%mdl 512] Weighted Error Value: White=0.43/Black=0.79} 1-0

[Event "Speed Chess Championship 2020"]
[Site "Online"]
[Date "2020.12.03"]
[Round "2.24"]
[White "Aronian, Levon"]
[Black "Vachier-Lagrave, Maxime"]
[Result "1-0"]
[WhiteElo "2781"]
[BlackElo "2784"]
[Annotator "TA"]
[PlyCount "73"]
[EventDate "2020.10.31"]
[EventType "k.o."]
[EventCountry "NET"]
[SourceTitle "playchess.com"]
[Source "ChessBase"]
[SourceQuality "1"]

{[%evp 10,73,0,0,6,-6,-4,-23,-15,-16,-16,-21,0,-6,0,-5,0,-25,-18,-34,-14,-5,-13,-22,-18,-36,-29,-30,-30,-22,-31,-24,-42,-43,-36,-62,-45,-87,-7,-55,0,-23,58,-31,0,0,5,-46,-26,-32,-39,-66,198,212,198,204,214,0,1136,1121,2087,1123,1106,1029,996,969]} 1. e4 c5 2. Nf3 d6 3. Bc4 Nf6 4. d3 e6 5. O-O Be7 6. Bb3 O-O {B50: Sicilian: 2...d6, Miscellaneous.} 7. Re1 b5 8. Nc3 a6 {Black has an edge.} 9. Ne2 Bb7 10. Ng3 Nbd7 11. c3 {[#]} Re8 $146 ({Predecessor:} 11... Ne5 12. d4 Nxf3+ 13. Qxf3 cxd4 14. cxd4 d5 15. e5 Ne4 16. Qg4 Kh8 17. Bc2 Rc8 {½-½ (41) Godena,M (2530)-Miralles,G (2486) France 2007}) 12. h3 Bf8 13. Bf4 Rc8 14. Qd2 e5 15. Bg5 h6 16. Bxf6 Nxf6 17. Rad1 g6 18. h4 h5 19. Qg5 {[#] Strongly threatening Qxg6+.} c4 20. dxc4 bxc4 21. Ba4 Re6 22. Qe3 Ng4 23. Qe2 Be7 (23... Rf6 $17) 24. Nf1 (24. Ng5 $5) 24... Rc7 ({Not} 24... Bxh4 25. Nxh4 Qxh4 26. Bd7 $16) ({Better is} 24... Rf6 $15) 25. g3 Bf8 (25... Rf6 $11) 26. N1d2 (26. Ng5 $14) 26... Qc8 27. Ng5 Ree7 28. b3 (28. Nf1 $11) 28... cxb3 $15 29. Bxb3 {aiming for Nc4.} Rxc3 30. Nc4 Rc7 $2 {[%mdl 8192]} (30... Qc5 $15 {keeps the upper hand.} 31. Kg2 Rc7) 31. Nxd6 $18 Bxd6 32. Rxd6 Kg7 {[#]} 33. Qd2 $2 (33. Red1 $1 $18 Nf6 34. Kh2) 33... R3c6 $2 {[%mdl 8192]} (33... Rc2 $11 34. Bxc2 Rxc2) 34. Rd8 {[%cal Bd6d8,Bd8c8,Bc8c7][%mdl 32] White is clearly winning.} Rc2 35. Bxc2 Rxc2 36. Rxc8 Rxd2 37. Rc7 {[%mdl 64] Double Attack.  Weighted Error Value: White=0.27/Black=0.35} 1-0

[Event "Speed Chess Championship 2020"]
[Site "Online"]
[Date "2020.11.19"]
[Round "2.24"]
[White "Duda, Jan-Krzysztof"]
[Black "So, Wesley"]
[Result "0-1"]
[WhiteElo "2743"]
[BlackElo "2816"]
[Annotator "RC"]
[PlyCount "48"]
[EventDate "2020.10.31"]
[EventType "k.o."]
[EventCountry "NET"]
[SourceTitle "playchess.com"]
[Source "ChessBase"]
[SourceQuality "1"]
[TimeControl "60+1"]

1. e4 {[%emt 0:00:01]} e5 {[%emt 0:00:01]} 2. Nc3 {[%emt 0:00:00]} Nc6 {[%emt 0:00:01]} 3. f4 {[%emt 0:00:00]} exf4 {[%emt 0:00:03]} 4. d4 {[%emt 0:00:01]} Bb4 {[%emt 0:00:02]} 5. Bxf4 {[%emt 0:00:03]} Nf6 {[%emt 0:00:00]} 6. Qd3 {[%emt 0:00:09]} d5 {[%emt 0:00:02]} 7. O-O-O {[%emt 0:00:18]} Bxc3 {[%emt 0:00:04]} 8. Qxc3 {[%emt 0:00:01]} Nxe4 {[%emt 0:00:01]} 9. Qe3 {[%emt 0:00:01]} O-O {[%emt 0:00:02]} 10. Nf3 {[%emt 0:00:00]} Re8 {[%emt 0:00:01]} 11. Bd3 {[%emt 0:00:02]} Bf5 {[%emt 0:00:01]} 12. Ne5 {[%emt 0:00:02]} Nxe5 {[%emt 0:00:04]} 13. dxe5 {[%emt 0:00:01]} Qe7 {[%emt 0:00:01]} 14. Rdg1 {[%emt 0:00:06]} Bg6 {[%emt 0:00:06]} 15. h4 {[%emt 0:00:02]} Nc5 {[%emt 0:00:03]} 16. Bxg6 {[%emt 0:00:06]} fxg6 {[%emt 0:00:01]} 17. h5 {[%emt 0:00:00]} g5 {[%emt 0:00:00]} 18. Bg3 {[%emt 0:00:07]} h6 {[%emt 0:00:02]} 19. Rf1 {[%emt 0:00:04]} Rf8 {[%emt 0:00:01]} 20. e6 {[%emt 0:00:03]} Ne4 {[%emt 0:00:03]} 21. Be5 {[%emt 0:00:02]} c6 {[%emt 0:00:03]} 22. Qd4 {[%emt 0:00:02]} Qxe6 {[%emt 0:00:05]} 23. Bxg7 {[%emt 0:00:02]} Rxf1+ {[%emt 0:00:02]} 24. Rxf1 {[%emt 0:00:01]} Ng3 {[%emt 0:00:00]} 0-1

[Event "Speed Chess Championship 2020"]
[Site "Online"]
[Date "2020.12.04"]
[Round "2.24"]
[White "Fedoseev, Vladimir"]
[Black "Nakamura, Hikaru"]
[Result "0-1"]
[WhiteElo "2676"]
[BlackElo "2736"]
[Annotator "TA"]
[PlyCount "84"]
[EventDate "2020.10.31"]
[EventType "k.o."]
[EventCountry "NET"]
[SourceTitle "playchess.com"]
[Source "ChessBase"]
[SourceQuality "1"]

{[%evp 9,84,21,27,24,25,20,36,9,5,-16,-11,-31,-15,-55,-46,-64,-42,-72,-55,-53,-59,-150,-128,-170,-171,-168,-174,-177,-168,-155,-165,-241,-232,-224,-163,-167,-165,-162,-150,-166,-133,-134,-128,-158,-157,-158,-154,-216,-212,-216,-209,-250,-250,-245,-234,-223,-184,-173,-151,-267,-263,-348,-323,-319,-293,-270,-278,-270,-265,-263,-244,-431,-422,-772,-727,-785,-736]} 1. e4 g6 2. h4 Bg7 3. h5 c5 4. Nc3 Nc6 5. d3 d6 6. Be3 {B06: Modern Defence.} Nf6 7. h6 Bf8 {[#]} 8. Be2 $146 {White is slightly better.} ({Predecessor:} 8. Qd2 Ng4 9. Nf3 Nxe3 10. Qxe3 Bg4 11. O-O-O e6 12. Be2 Be7 13. Kb1 Bxf3 14. Bxf3 {0-1 (37) Nitin,S (2381)-Duda,J (2753) chess.com INT 2020}) 8... Nd4 9. Nf3 e5 10. Nd2 Be7 11. f4 exf4 12. Bxf4 Be6 13. Nf3 O-O 14. Qd2 d5 15. Nxd4 ({White should try} 15. exd5 $15 Nxd5 16. Nxd5 Bxd5 17. Nxd4 Bh4+ 18. Kf1 (18. Rxh4 $2 Qxh4+ 19. g3 Qh1+ 20. Bf1 cxd4 $17) 18... cxd4 19. Kg1) 15... cxd4 $17 16. Nxd5 Bxd5 (16... Nxd5 17. exd5 Bxd5 18. O-O $15) 17. exd5 Nxd5 {[#] Hoping for ...Bb4.} 18. O-O Nxf4 19. Qxf4 Bg5 20. Qe4 (20. Qh2 {is a better defense.}) 20... Re8 $19 21. Qf3 ({Don't go for} 21. Qxb7 $2 Be3+ 22. Rf2 Bxf2+ 23. Kxf2 Rc8 $19) 21... Be3+ ({Not} 21... Bxh6 22. Qxf7+ Kh8 23. Bg4 $15) 22. Kh1 Qh4+ {[%mdl 64] [#] Double Attack} ({Much less strong is} 22... Bxh6 23. Qxf7+ Kh8 24. Bg4 $15) 23. Qh3 Qxh3+ 24. gxh3 Bxh6 25. Bf3 Re7 26. Bd5 Rd8 27. Bb3 Kg7 28. Rf3 (28. h4 $17) 28... f5 29. Raf1 Be3 30. a4 f4 31. h4 Re5 32. Kg2 h6 33. Rh3 Rf8 34. Kf3 (34. Re1 $17) 34... Bd2 35. Rh2 Re3+ 36. Kg2 f3+ 37. Kh1 Be1 38. Bd5 b6 39. Rh3 f2 40. Rh2 $2 (40. Kg2) 40... Rf4 {Black is clearly winning.} 41. Be4 (41. Bb7 $142) 41... Rg3 42. c3 Rfg4 {Weighted Error Value: White=0.38/Black=0.08} 0-1